[Event "It (open) (a)"]
[Site "masterchessopen.com – Voronezh (Russia)"]
[Round "4"]
[White "Tkachuk Sergey (RUS)"]
[Black "Shastun Anton (UKR)"]
[Result "1-0"]
[WhiteElo "2214"]
[BlackElo "2083"]

1.c4 Nf6 2.Nc3 g6 3.e4 d6 4.d4 Bg7 5.f3 O-O 6.Be3 Nc6 7.Qd2 a6 8.Nge2 Rb8
9.Rc1 Re8 10.g4 Bd7 11.Bh6 Bh8 12.h4 e5 13.d5 Nd4 14.Bg2 b5 15.cxb5 axb5 16.b4
c6 17.h5 cxd5 18.hxg6 fxg6 19.g5 dxe4 20.gxf6 exf3 21.f7+ Kxf7 22.O-O Kg8
23.Bxf3 Nxf3+ 24.Rxf3 Be6 25.Nd5 e4 26.Rf2 Rb7 27.Rcf1 Bf7 28.Nf6+ Bxf6
29.Rxf6 Rd7 30.Qd4 Re5 31.Ng3 Qc7 32.Nxe4 Qc6 33.Qxe5 {#r} 1-0

[Event "Verbandsliga Baden South 1999/00"]
[Site "masterchessopen.com – Germany"]
[Date "2000.02.13"]
[Round "6"]
[White "Budisin Stanislav (SUI)"]
[Black "Gersinska Juergen (GER)"]
[Result "1-0"]
[WhiteElo "2130"]
[BlackElo "2295"]

1.d4 Nf6 2.c4 g6 3.Nc3 Bg7 4.e4 d6 5.f3 O-O 6.Be3 Nc6 7.Qd2 a6 8.Nge2 Rb8 9.g4
b5 10.cxb5 axb5 11.h4 b4 12.Nd5 e5 13.h5 Re8 14.hxg6 fxg6 15.Bg5 exd4 16.Qf4
Rf8 17.Qh2 Qd7 18.f4 d3 19.Ng1 d2+ 20.Kd1 Qxg4+ 21.Be2 Qd7 22.Qh4 Nxd5
23.Qxh7+ Kf7 24.Bc4 Qg4+ 25.Ne2 Rh8 26.Bxd5+ Be6 27.Rh4 Qxh4 28.Bxe6+ Kxe6
{#r} 1-0

[Event "Ch Ukraine (1/2 final) (open)"]
[Site "masterchessopen.com – Alushta (Ukraine)"]
[Round "0"]
[White "Khudjakov Alexander (RUS)"]
[Black "Areshchenko Alexander (UKR)"]
[Result "0-1"]
[WhiteElo "2210"]
[BlackElo "2479"]

1.d4 Nf6 2.c4 g6 3.Nc3 Bg7 4.e4 d6 5.f3 O-O 6.Be3 a6 7.Qd2 Nc6 8.Nge2 Rb8 9.g4
b5 10.Ng3 e5 11.d5 Nd4 12.Bxd4 exd4 13.Nce2 d3 14.Qxd3 bxc4 15.Qxc4 Nd7 16.Nd4
Ne5 17.Qa4 Qg5 18.Be2 Qe3 19.Nf1 Nd3+ {#R} 0-1

[Event "Ch Ukraine (1/2 final) (open)"]
[Site "masterchessopen.com – Alushta (Ukraine)"]
[Round "0"]
[White "Zakharchenko Arnold (UKR)"]
[Black "Volokitin Andrei (UKR)"]
[Result "0-1"]
[WhiteElo "2402"]
[BlackElo "2566"]

1.d4 Nf6 2.c4 g6 3.Nc3 Bg7 4.e4 d6 5.f3 O-O 6.Be3 Nc6 7.Nge2 Rb8 8.Qd2 a6
9.Nc1 e5 10.d5 Nd4 11.N1e2 c5 12.dxc6 Nxc6 13.Nc1 Be6 14.Bd3 b5 15.cxb5 axb5
16.Bxb5 Nd4 17.Bd3 d5 18.exd5 Nxd5 19.Nxd5 Qxd5 20.O-O Rfd8 21.Rd1 Qb7 22.Rb1
f5 23.Qe1 e4 24.fxe4 fxe4 25.Be2 Nc2 26.Rxd8+ Rxd8 27.Qh4 Qd5 28.Bf2 g5 {#R}
0-1

[Event "Bayern Regionalliga Southeast 2000/01"]
[Site "masterchessopen.com – Bayern (Germany)"]
[Round "8"]
[White "Deues Erik (GER)"]
[Black "Eckerl Uwe"]
[Result "0-1"]
[WhiteElo "2132"]
[BlackElo "2200"]

1.d4 Nf6 2.c4 g6 3.Nc3 Bg7 4.e4 d6 5.f3 a6 6.Be3 O-O 7.Qd2 Nc6 8.Nge2 Rb8
9.Bh6 b5 10.cxb5 axb5 11.Bxg7 Kxg7 12.Nf4 e5 13.dxe5 dxe5 14.Qxd8 Rxd8 15.Nfd5
Nxd5 16.Nxd5 Nd4 17.Rc1 c6 18.Nb4 Be6 19.Bd3 Bc4 20.Kf2 c5 21.Bxc4 bxc4 22.Nd5
Rxb2+ 23.Kg3 Ne2+ 24.Kh3 Rxd5 25.exd5 Nf4+ 26.Kh4 Rxg2 {#R} 0-1

[Event "It (open)"]
[Site "masterchessopen.com – Bethune (France)"]
[Round "5"]
[White "Friess Nicolas (FRA)"]
[Black "Rouze Xavier (FRA)"]
[Result "1-0"]
[WhiteElo "2055"]
[BlackElo "2060"]

1.d4 Nf6 2.c4 g6 3.Nc3 Bg7 4.e4 d6 5.f3 O-O 6.Nge2 Nc6 7.Be3 a6 8.Qd2 Rb8 9.h4
e5 10.d5 Ne7 11.h5 b5 12.g4 b4 13.Nd1 c6 14.Ng3 cxd5 15.cxd5 Qa5 16.Bc4 Bd7
17.b3 Bb5 18.Nb2 Rbc8 19.a3 Rb8 20.Kf2 Ne8 21.axb4 Qc7 22.Ke2 Qd7 23.Rag1 f6
24.hxg6 hxg6 25.Nd3 Rb7 26.Bh6 Kf7 27.Bxg7 Nxg7 28.Rh7 Ng8 29.Nh5 gxh5 30.gxh5
{#r} 1-0

[Event "It (b)"]
[Site "masterchessopen.com – Budapest (Hungary)"]
[Round "1"]
[White "Cooke Eric (USA)"]
[Black "Castaneda Nelson (USA)"]
[Result "0-1"]
[WhiteElo "2212"]
[BlackElo "2244"]

1.d4 Nf6 2.c4 g6 3.Nc3 Bg7 4.e4 d6 5.f3 O-O 6.Be3 Nc6 7.Nge2 a6 8.Qd2 Rb8 9.h4
h5 10.O-O-O b5 11.Nd5 bxc4 12.Nxf6+ exf6 13.Nc3 f5 14.Bxc4 Na5 15.Be2 c6
16.Bh6 Qb6 17.Bxg7 Kxg7 18.g4 fxg4 19.fxg4 Bxg4 20.Bxg4 hxg4 21.d5 c5 22.Ne2
Qb4 23.Qxb4 Rxb4 24.Nc3 Rfb8 25.h5 Rxb2 26.h6+ Kh7 27.e5 Nc4 28.Rdf1 Ne3
29.Rxf7+ Kg8 {#R} 0-1

[Event "It (cat.2)"]
[Site "masterchessopen.com – Budapest (Hungary)"]
[Round "6"]
[White "Bognar Csaba (HUN)"]
[Black "Zimmerman Yuri (ISR)"]
[Result "0-1"]
[WhiteElo "2215"]
[BlackElo "2359"]

1.d4 Nf6 2.c4 g6 3.Nc3 Bg7 4.e4 d6 5.f3 O-O 6.Be3 Nc6 7.Qd2 a6 8.Nge2 Rb8
9.Nc1 e5 10.Nb3 exd4 11.Nxd4 Ne5 12.Be2 c5 13.Nb3 Be6 14.Nd5 b5 15.Nxf6+ Bxf6
16.cxb5 axb5 17.Rd1 Nc4 18.Bxc4 bxc4 19.Nc1 Rxb2 20.Qxd6 Qa5+ 21.Bd2 Rxd2
22.Rxd2 Rd8 23.Qf4 {#R} 0-1

[Event "Memorial M.Najdorf (juniors)"]
[Site "masterchessopen.com – Buenos Aires (Argentina)"]
[Round "2"]
[White "Perdomo Leandro (ARG)"]
[Black "Bulo Paulo (ARG)"]
[Result "1-0"]
[WhiteElo "2262"]
[BlackElo "2209"]

1.d4 Nf6 2.c4 g6 3.Nc3 Bg7 4.e4 d6 5.f3 O-O 6.Be3 Nc6 7.Nge2 a6 8.Qd2 Rb8 9.a3
Re8 10.h4 h5 11.b4 Bd7 12.g3 e5 13.d5 Ne7 14.Bg2 Qc8 15.O-O Nh7 16.c5 f5
17.cxd6 cxd6 18.Bb6 Qc4 19.Rfc1 Rbc8 20.Bf1 fxe4 21.fxe4 Rf8 22.Rab1 Rf3 23.b5
{#r} 1-0

[Event "Czech League (J) 2001/02"]
[Site "masterchessopen.com – Czech Republic"]
[Round "8"]
[White "Kratochvil Milos (CZE)"]
[Black "Vaindl Jaroslav (CZE)"]
[Result "0-1"]
[WhiteElo "2071"]
[BlackElo "2027"]

1.d4 Nf6 2.c4 g6 3.Nc3 Bg7 4.e4 d6 5.f3 O-O 6.Be3 Nc6 7.Nge2 a6 8.Qd2 Rb8 9.g4
b5 10.O-O-O bxc4 11.h4 h5 12.Ng3 Bxg4 13.fxg4 Nxg4 14.Kb1 Na7 15.Bxc4 Nb5
16.Nxb5 axb5 17.Be2 Qd7 18.Rdg1 Kh7 19.Bxg4 Qxg4 20.Qd3 Qe6 21.Rg2 Ra8 22.d5
Qe5 23.Rc1 Ra4 24.Qxb5 Rfa8 25.a3 Rxa3 26.bxa3 Qa1+ 27.Kc2 Qa2+ 28.Kd1 Qxg2
29.Nf1 Rxa3 30.Qe2 Qxe4 31.Rxc7 Qxd5+ 32.Ke1 Qa5+ {#R} 0-1

[Event "Czech League (V) 2001/02"]
[Site "masterchessopen.com – Czech Republic"]
[Round "5"]
[White "Soukup Vaclav (CZE)"]
[Black "Illetsko Jaroslav (CZE)"]
[Result "0-1"]
[WhiteElo "2058"]
[BlackElo "2147"]

1.c4 Nf6 2.Nc3 g6 3.e4 d6 4.d4 Bg7 5.f3 O-O 6.Be3 Nc6 7.Qd2 a6 8.Nge2 Rb8
9.Nc1 e5 10.Nb3 Re8 11.d5 Nd4 12.Nxd4 exd4 13.Bxd4 c5 14.dxc6 bxc6 15.Be2 d5
16.exd5 cxd5 17.c5 Nh5 18.Bxg7 Qh4+ 19.g3 Nxg3 20.Qd4 Ne4+ 21.Kd1 Rb4 22.fxe4
Rxd4+ 23.Bxd4 Rxe4 24.Bg1 d4 25.Nd5 d3 26.Bxd3 Re1+ 27.Kc2 Rxa1 28.c6 Kg7
29.Bd4+ Qxd4 30.Rxa1 Qxd5 31.Rc1 Qxc6+ 32.Kb1 Qd7 {#R} 0-1

[Event "Extra League 2000/01"]
[Site "masterchessopen.com – Czech Republic"]
[Round "8"]
[White "Cvek Robert (CZE)"]
[Black "Kopec Ladislav (CZE)"]
[Result "1-0"]
[WhiteElo "2418"]
[BlackElo "2181"]

1.c4 Nf6 2.Nc3 g6 3.e4 Bg7 4.d4 d6 5.f3 O-O 6.Be3 Nc6 7.Nge2 a6 8.Qd2 Rb8 9.h4
h5 10.Nc1 e5 11.d5 Nd4 12.N1e2 Nxe2 13.Bxe2 Kh7 14.O-O-O Qe8 15.g4 b5 16.Rdg1
b4 17.Nd1 a5 18.Bg5 Ng8 19.Bd3 Bh6 20.gxh5 gxh5 21.Qg2 Bg7 22.f4 f6 23.f5 Nh6
24.Be3 Qf7 25.Nf2 Bd7 26.Qf3 {#r} 1-0

[Event "Ukrainian Games (youth)"]
[Site "masterchessopen.com – Evpatoria (Ukraine)"]
[Round "0"]
[White "Gordenko Dmitry (UKR)"]
[Black "Mutschnik Ilia (GER)"]
[Result "0-1"]
[WhiteElo "2375"]
[BlackElo "2288"]

1.d4 Nf6 2.c4 g6 3.Nc3 Bg7 4.e4 d6 5.Nge2 O-O 6.f3 Nc6 7.Be3 a6 8.Qd2 Rb8 9.h4
b5 10.Nd5 bxc4 11.O-O-O Nxd5 12.exd5 Nb4 13.Nc3 c6 14.h5 cxd5 15.Bh6 Bxh6
16.Qxh6 Bf5 17.g4 Nxa2+ 18.Nxa2 Qa5 19.gxf5 Qxa2 20.Kd2 Rxb2+ 21.Ke3 Rb3+
22.Bd3 Rxd3+ 23.Rxd3 cxd3 24.Kxd3 Rb8 25.Rc1 Rb3+ 26.Rc3 Qb1+ 27.Kd2 Rb2+
28.Ke3 Qe1+ 29.Kd3 Qe2# 0-1

[Event "Bundesliga 2000/01 (w)"]
[Site "masterchessopen.com – Germany"]
[Round "7"]
[White "Steinbacher Claudia (GER)"]
[Black "Ulms Sandra (GER)"]
[Result "0-1"]
[WhiteElo "2117"]
[BlackElo "2161"]

1.d4 Nf6 2.c4 g6 3.Nc3 Bg7 4.e4 d6 5.f3 O-O 6.Be3 Nc6 7.Nge2 a6 8.Qd2 Rb8
9.Nc1 e5 10.Nb3 exd4 11.Nxd4 Ne5 12.Rd1 Nh5 13.Be2 f5 14.exf5 gxf5 15.O-O f4
16.Bf2 Kh8 17.Ne4 Rg8 18.Kh1 Qe8 19.Rg1 Qg6 20.Nc2 Bf5 21.Nb4 Bxe4 22.fxe4
Ng3+ 23.Bxg3 fxg3 24.h3 Qxe4 25.b3 Rbf8 26.Bd3 Qh4 27.Rgf1 Ng4 {#R} 0-1

[Event "Ch Yugoslavia (team) (w)"]
[Site "masterchessopen.com – Herceg Novi (Montenegro)"]
[Round "10"]
[White "Djukic Sandra (SRB)"]
[Black "Todorovic Violeta (SRB)"]
[Result "1-0"]
[WhiteElo "2212"]
[BlackElo "2116"]

1.d4 Nf6 2.c4 g6 3.Nc3 Bg7 4.e4 d6 5.f3 O-O 6.Be3 Nc6 7.Nge2 a6 8.Qd2 Rb8
9.Nc1 e5 10.d5 Nd4 11.Nb3 c5 12.dxc6 bxc6 13.Nxd4 exd4 14.Bxd4 Re8 15.Be2 Be6
16.O-O Qa5 17.a3 c5 18.Be3 Nd7 19.f4 f5 20.g4 fxg4 21.f5 gxf5 22.exf5 Bxf5
23.Rxf5 Rxe3 24.Qxe3 Ne5 25.Ne4 Qd8 26.Qg5 Qxg5 27.Rxg5 Rxb2 28.Bd1 Nxc4
29.Bxg4 h6 30.Be6+ Kh7 31.Rxg7+ Kxg7 32.Bxc4 {#r} 1-0

[Event "Tournament (IECG)"]
[Site "masterchessopen.com – Internet"]
[Round "0"]
[White "Lovakovic Franjo (CRO)"]
[Black "Wu Lau Siu Yu (ESP)"]
[Result "1-0"]
[WhiteElo "2073"]
[BlackElo "2068"]

1.d4 Nf6 2.c4 g6 3.Nc3 Bg7 4.e4 d6 5.f3 O-O 6.Be3 Nc6 7.Nge2 Rb8 8.Qd2 a6 9.g4
Re8 10.h4 b5 11.cxb5 axb5 12.h5 e5 13.d5 Na5 14.Ng3 b4 15.Nb5 c6 16.dxc6 Nxc6
17.hxg6 hxg6 18.Qh2 Qa5 19.g5 Nd7 20.Nxd6 Re6 21.Ngf5 {#r} 1-0

[Event "It (open)"]
[Site "masterchessopen.com – Lido (Italy)"]
[Round "9"]
[White "Cedikova Katerina (CZE)"]
[Black "Vismara Daniele (ITA)"]
[Result "0-1"]
[WhiteElo "2133"]
[BlackElo "2365"]

1.d4 Nf6 2.c4 g6 3.Nc3 Bg7 4.e4 d6 5.f3 O-O 6.Be3 Nc6 7.Nge2 a6 8.Qd2 Rb8 9.h4
h5 10.O-O-O b5 11.Nd5 bxc4 12.Nxf6+ Bxf6 13.g4 hxg4 14.h5 gxf3 15.Nc3 g5
16.Bxg5 Bxg5 17.Qxg5+ Kh7 18.Nd5 Rg8 19.Qf4 Qf8 20.Bxc4 Qh6 21.Qxh6+ Kxh6
22.Nxc7 Rg2 23.Rd2 Rxd2 24.Kxd2 Rxb2+ 25.Kc3 Rg2 26.Bxf7 f2 27.Rf1 Bh3 {#R}
0-1

[Event "It (open)"]
[Site "masterchessopen.com – Polanica Zdroj (Poland)"]
[Round "6"]
[White "Bronowicki Mateusz (POL)"]
[Black "Slaby Jerzy (POL)"]
[Result "0-1"]
[WhiteElo "2103"]
[BlackElo "2221"]

1.d4 Nf6 2.c4 g6 3.Nc3 Bg7 4.e4 d6 5.f3 O-O 6.Be3 a6 7.Qd2 Nc6 8.Nge2 Rb8
9.Nc1 e5 10.d5 Nd4 11.Nb3 c5 12.dxc6 bxc6 13.Nxd4 exd4 14.Bxd4 Re8 15.Be2 d5
16.cxd5 cxd5 17.e5 Nd7 18.O-O Nxe5 19.Rfd1 Nc4 20.Bxc4 dxc4 21.Qf2 Rxb2
22.Qxb2 Bxd4+ 23.Kh1 Qh4 24.Qd2 Be5 25.g4 Bb7 26.Ne4 Bxe4 27.fxe4 Bxa1 28.Rxa1
Qxg4 29.Re1 Qf3+ 30.Kg1 Rxe4 31.Rxe4 Qxe4 {#R} 0-1

[Event "Ch Russia (juniors) (under 18)"]
[Site "masterchessopen.com – Rybinsk (Russia)"]
[Round "6"]
[White "Utnasunov Alexander (RUS)"]
[Black "Kerzhner Stas (RUS)"]
[Result "0-1"]
[WhiteElo "2293"]
[BlackElo "2231"]

1.d4 Nf6 2.c4 g6 3.Nc3 Bg7 4.e4 d6 5.f3 O-O 6.Be3 Nc6 7.Nge2 a6 8.Qd2 Rb8
9.Nc1 e5 10.d5 Nd4 11.Nb3 Nxb3 12.axb3 c5 13.b4 cxb4 14.Na4 b5 15.Qxb4 Ne8
16.Nc3 Bh6 17.Bxh6 Qh4+ 18.g3 Qxh6 19.Kf2 f5 20.Be2 g5 21.cxb5 g4 22.b6 gxf3
23.Bxf3 Qd2+ 24.Be2 f4 25.Rhf1 f3 {#R} 0-1

[Event "Ch Switzerland"]
[Site "masterchessopen.com – Scuol (Switzerland)"]
[Round "7"]
[White "Gallagher Joseph G (SUI)"]
[Black "Ambrosini Nicola (SUI)"]
[Result "1-0"]
[WhiteElo "2511"]
[BlackElo "2227"]

1.d4 g6 2.c4 Bg7 3.Nc3 Nf6 4.e4 d6 5.f3 O-O 6.Nge2 a6 7.Be3 Nc6 8.Qd2 Rb8
9.Rb1 Bd7 10.b4 b5 11.cxb5 axb5 12.d5 Ne5 13.Nd4 Qe8 14.Be2 c5 15.dxc6 Bxc6
16.O-O Qd7 17.Rbc1 Rfc8 18.Ncxb5 Bxb5 19.Rxc8+ Qxc8 20.Bxb5 d5 21.Rc1 Qb7
22.exd5 Nxd5 23.Bc6 {#r} 1-0

[Event "It (open)"]
[Site "masterchessopen.com – Seefeld (Austria)"]
[Round "7"]
[White "Bischoff Klaus (GER)"]
[Black "Svendsen Thomas (NOR)"]
[Result "1-0"]
[WhiteElo "2541"]
[BlackElo "2108"]

1.c4 g6 2.d4 Bg7 3.e4 d6 4.Nc3 Nf6 5.f3 O-O 6.Be3 Nc6 7.Nge2 a6 8.Qd2 Rb8
9.Rc1 Bd7 10.Nd1 b5 11.c5 e6 12.Nf2 dxc5 13.Rxc5 Re8 14.Qc1 Rb6 15.Nd3 Bf8
16.Rc2 Nb4 17.Nxb4 Bxb4+ 18.Kf2 Rb7 19.Nf4 Bc8 20.Nd3 Bf8 21.Be2 h5 22.Rd1 Nd7
23.Kg1 Bd6 24.f4 Nb6 25.b3 Bd7 26.Bf3 Ra7 27.Nc5 Rf8 28.Rcd2 a5 29.e5 Be7
30.d5 exd5 31.Bxd5 Bxc5 32.Bxc5 Re8 33.Bc6 {#r} 1-0

[Event "It (open)"]
[Site "masterchessopen.com – Soest (Netherlands)"]
[Round "6"]
[White "Muis Gerrit-Meine (NED)"]
[Black "Schleipfenbauer Frank (NED)"]
[Result "1-0"]
[WhiteElo "2135"]
[BlackElo "2092"]

1.c4 Nf6 2.Nc3 g6 3.e4 d6 4.d4 Bg7 5.f3 O-O 6.Be3 Nc6 7.Qd2 a6 8.Nge2 Rb8
9.Nc1 e5 10.d5 Nd4 11.Nb3 Nxb3 12.axb3 c5 13.Bd3 Nh5 14.O-O f5 15.exf5 gxf5
16.Kh1 Kh8 17.Ne2 Rg8 18.b4 b6 19.g3 Bf6 20.Rg1 Qe7 21.Bb1 f4 22.Bf2 Bg5 23.g4
Ng3+ 24.hxg3 fxg3 25.Be3 Bxe3 26.Qxe3 Qh4+ 27.Kg2 Qh2+ 28.Kf1 Bxg4 29.fxg4
Rbf8+ 30.Ke1 Rf2 31.Bd3 Rgf8 32.Qxg3 {#r} 1-0

[Event "It (open) \"]
[Site "masterchessopen.com – St. Petersburg (Russia)"]
[Round "4"]
[White "Ekdyshman Mikhail (RUS)"]
[Black "Solovjov Sergey I (RUS)"]
[Result "0-1"]
[WhiteElo "2281"]
[BlackElo "2497"]

1.d4 Nf6 2.c4 g6 3.Nc3 Bg7 4.e4 d6 5.f3 O-O 6.Be3 Nc6 7.Qd2 a6 8.Nge2 Rb8
9.Nc1 e5 10.d5 Nd4 11.Nb3 c5 12.dxc6 bxc6 13.Nxd4 exd4 14.Bxd4 d5 15.cxd5 cxd5
16.O-O-O dxe4 17.Qf4 Be6 18.fxe4 Qe7 19.a3 Qb7 20.Rd2 Rfd8 21.Bxa6 Qb3 22.e5
Nd5 23.Nxd5 Rxd5 24.Bc3 Bf5 25.Bc4 Qxc3+ {#R} 0-1

[Event "It (open) (juniors) (under 20)"]
[Site "masterchessopen.com – Wiesbaden (Germany)"]
[Round "3"]
[White "Wornath Kai Rudolf (GER)"]
[Black "Hausmann Hans-Ulrich (GER)"]
[Result "1-0"]
[WhiteElo "2386"]
[BlackElo "1950"]

1.d4 Nf6 2.c4 g6 3.Nc3 Bg7 4.e4 O-O 5.Be3 d6 6.f3 Nc6 7.Nge2 a6 8.Qd2 Rb8 9.h4
Re8 10.h5 e5 11.d5 Nd4 12.Nxd4 exd4 13.Bxd4 c5 14.Be3 Nxh5 15.Bd3 b5 16.g4 Nf6
17.cxb5 axb5 18.Bxb5 Rxb5 19.Nxb5 Bxg4 20.O-O Qd7 21.Nc3 Bxf3 22.Rxf3 Ng4
23.Bf4 Bd4+ 24.Kg2 Nf6 25.Bg3 Qg4 26.Rxf6 Bxf6 27.Qf4 {#r} 1-0

[Event "It (open) (juniors) (under 20)"]
[Site "masterchessopen.com – Wiesbaden (Germany)"]
[Round "1"]
[White "Wornath Kai Rudolf (GER)"]
[Black "Klein Raimund (GER)"]
[Result "1-0"]
[WhiteElo "2386"]
[BlackElo "1985"]

1.d4 Nf6 2.c4 g6 3.Nc3 Bg7 4.e4 d6 5.f3 O-O 6.Be3 Nc6 7.Nge2 a6 8.Qd2 Rb8 9.h4
b5 10.h5 Nxh5 11.Bh6 e5 12.g4 Nxd4 13.Nxd4 exd4 14.Bxg7 Kxg7 15.Nd5 c6
16.Qxd4+ f6 17.gxh5 cxd5 18.cxd5 Qb6 19.Qxb6 Rxb6 20.hxg6 hxg6 21.Rc1 Bb7
22.Rc7+ Rf7 23.Rxf7+ Kxf7 24.Rh7+ Kg8 25.Rc7 b4 26.Kd2 a5 27.Bh3 f5 28.Ke3 Rb5
29.Kf4 Bxd5 30.exd5 Rxd5 31.Kg5 Rd2 32.Kxg6 Kf8 33.Kf6 {#r} 1-0

[Event "Tournament (weekend)"]
[Site "masterchessopen.com – Ceriano Laghetto I(Ttaly)"]
[Date "2001.02.03"]
[Round "4"]
[White "Troiani Mauro (ITA)"]
[Black "Cazzaniga Walter (ITA)"]
[Result "1-0"]
[WhiteElo "2072"]
[BlackElo "2131"]

1.d4 Nf6 2.c4 g6 3.Nc3 Bg7 4.e4 d6 5.f3 O-O 6.Be3 Nc6 7.Nge2 a6 8.Qd2 Rb8
9.Bh6 e5 10.Bxg7 Kxg7 11.d5 Na5 12.Nc1 c5 13.Nb3 Bd7 14.Nxa5 Qxa5 15.a4 b5
16.cxb5 Bxb5 17.Nxb5 Qxd2+ 18.Kxd2 axb5 19.Bxb5 Nh5 20.g3 f5 21.Rhf1 fxe4
22.fxe4 Rxf1 23.Rxf1 Nf6 24.Kd3 Kf7 25.Re1 Ke7 26.Re2 Kd8 27.Kc4 Kc7 28.a5 Nd7
29.Rf2 Rf8 30.Rxf8 Nxf8 31.Bc6 {#r} 1-0

[Event "It (open)"]
[Site "masterchessopen.com – Bad Wiessee (Germany)"]
[Date "2001.11.03"]
[Round "8"]
[White "Bocksberger Stefan (GER)"]
[Black "Saravanan V (IND)"]
[Result "1-0"]
[WhiteElo "2277"]
[BlackElo "1958"]

1.c4 g6 2.Nc3 Bg7 3.d4 Nf6 4.e4 d6 5.f3 O-O 6.Be3 a6 7.Qd2 Nc6 8.Nge2 Rb8 9.h4
h5 10.O-O-O b5 11.Nd5 bxc4 12.Nxf6+ exf6 13.g4 Nb4 14.Nc3 c6 15.gxh5 gxh5
16.Rg1 Kh7 17.Bxc4 d5 18.Bb3 f5 19.Rg5 dxe4 20.Rdg1 {#r} 1-0

[Event "It (open)"]
[Site "masterchessopen.com – Barcelona (Spain)"]
[Round "3"]
[White "Chalmeta Ugas Ramon (ESP)"]
[Black "Llobet Reus Pere (ESP)"]
[Result "1-0"]
[WhiteElo "2111"]
[BlackElo "2169"]

1.e4 d6 2.d4 Nf6 3.f3 g6 4.c4 Bg7 5.Be3 O-O 6.Nc3 Nc6 7.Qd2 Rb8 8.Nge2 a6
9.O-O-O b5 10.Bh6 bxc4 11.h4 Nb4 12.Ng3 c5 13.dxc5 Qa5 14.a3 Bxh6 15.Qxh6 Nd3+
16.Bxd3 cxd3 17.cxd6 Rxb2 18.Kxb2 Be6 19.Rxd3 Bc4 20.dxe7 Rb8+ 21.Kc2 Bxd3+
22.Kxd3 Qxa3 23.Nf5 Nh5 24.g4 Rc8 25.Rc1 gxf5 26.gxh5 Qc5 27.Qg5+ Kh8 28.Qf6+
Kg8 29.Qd4 {#r} 1-0

[Event "It (open)"]
[Site "masterchessopen.com – Bergen (Norway)"]
[Round "1"]
[White "Lahlum Hans Olav (NOR)"]
[Black "Bue Gunnar (NOR)"]
[Result "1-0"]
[WhiteElo "2212"]
[BlackElo "1991"]

1.d4 Nf6 2.c4 g6 3.Nc3 Bg7 4.e4 d6 5.f3 O-O 6.Be3 Nc6 7.Qd2 a6 8.Nge2 Rb8
9.Bh6 e5 10.O-O-O b5 11.h4 bxc4 12.Bxg7 Kxg7 13.h5 gxh5 14.g4 Rg8 15.g5 Ne8
16.Rxh5 Kf8 17.d5 Ne7 18.Rxh7 Ng6 19.f4 exf4 20.Nxf4 Ne5 21.g6 fxg6 22.Ne6+
Bxe6 23.dxe6 Ng7 24.Nd5 Ke8 25.e7 Qc8 26.Qg5 Nd3+ 27.Bxd3 cxd3 28.Qxg6+ Kd7
29.Rxg7 {#r} 1-0

[Event "It (open)"]
[Site "masterchessopen.com – Dubai (United Arab Emirates)"]
[Round "1"]
[White "Graf Alexander (GER)"]
[Black "Mamedov Rauf (AZE)"]
[Result "1-0"]
[WhiteElo "2630"]
[BlackElo "2315"]

1.d4 Nf6 2.c4 g6 3.Nc3 Bg7 4.e4 d6 5.f3 O-O 6.Be3 Nc6 7.Nge2 a6 8.Qd2 Rb8
9.Rc1 Bd7 10.Nd1 e5 11.d5 Ne7 12.c5 Ne8 13.b4 Kh8 14.Nec3 f5 15.Nb2 Nc8 16.Be2
Nf6 17.Nc4 fxe4 18.fxe4 Nh5 19.Bxh5 Qh4+ 20.Bf2 Qxh5 21.O-O g5 22.Be3 h6
23.Rxf8+ Bxf8 24.Rf1 Be7 25.Ne2 Qg6 26.Ng3 Bb5 27.Qc3 b6 28.cxd6 cxd6 29.Nxe5
Bf8 {#r} 1-0

[Event "Bayern Landesliga North 2001/02"]
[Site "masterchessopen.com – Germany"]
[Round "4"]
[White "Haubold Martin (GER)"]
[Black "Dahlheimer Bernd (GER)"]
[Result "0-1"]
[WhiteElo "2095"]
[BlackElo "2224"]

1.d4 Nf6 2.c4 g6 3.Nc3 Bg7 4.e4 d6 5.f3 O-O 6.Be3 Nc6 7.Nge2 Rb8 8.Qd2 a6
9.Nc1 e5 10.d5 Nd4 11.N1e2 c5 12.dxc6 bxc6 13.Nxd4 exd4 14.Bxd4 Re8 15.Be2 d5
16.cxd5 Rb4 17.Bc5 Nxe4 18.fxe4 Bxc3 19.Qxc3 Rbxe4 20.O-O Rxe2 21.dxc6 Qg5
22.Rf2 Bh3 23.Qf3 Re1+ 24.Rf1 Qxc5+ 25.Kh1 Rxf1+ 26.Rxf1 Be6 27.b4 Qxb4 28.Rc1
Bd5 29.Qxd5 Re1+ 30.Rxe1 Qxe1# 0-1

[Event "Bundesliga 2002/03 (w)"]
[Site "masterchessopen.com – Germany"]
[Round "1"]
[White "Sarana-Hungeling Oksana (GER)"]
[Black "Bielicki Birke (GER)"]
[Result "1-0"]
[WhiteElo "2305"]
[BlackElo "2130"]

1.d4 Nf6 2.c4 g6 3.Nc3 Bg7 4.e4 d6 5.f3 O-O 6.Be3 Nc6 7.Qd2 a6 8.Nge2 Rb8 9.d5
Ne5 10.Nd4 c5 11.dxc6 Nxc6 12.Be2 Qa5 13.O-O Nxd4 14.Bxd4 b5 15.Rad1 bxc4
16.Nd5 Qxd2 17.Nxe7+ Kh8 18.Rxd2 Be6 19.Nd5 Bxd5 20.exd5 Rfc8 21.Rc1 Rb4 22.b3
Rb5 23.Bxc4 Rxd5 24.Rcd1 {#r} 1-0

[Event "Ch Germany (juniors) (under 20) (team)"]
[Site "masterchessopen.com – Greifswald (Germany)"]
[Round "3"]
[White "Goldammer Anne (GER)"]
[Black "Schlippe Axel (GER)"]
[Result "1-0"]
[WhiteElo "2178"]
[BlackElo "2033"]

1.d4 Nf6 2.c4 g6 3.Nc3 Bg7 4.e4 d6 5.f3 O-O 6.Nge2 Nc6 7.Be3 a6 8.Qd2 Rb8 9.h4
b5 10.h5 Nxh5 11.g4 Nf6 12.Bh6 Bxh6 13.Qxh6 e5 14.Nd5 Re8 15.g5 Nxd5 16.cxd5
Ne7 17.Qxh7+ Kf8 18.Qh6+ {#r} 1-0

[Event "Ch Poland (team) (juniors)"]
[Site "masterchessopen.com – Laczna (Poland)"]
[Round "1"]
[White "Bronowicki Mateusz (POL)"]
[Black "Luch Michal (POL)"]
[Result "0-1"]
[WhiteElo "2123"]
[BlackElo "2271"]

1.d4 Nf6 2.c4 g6 3.Nc3 Bg7 4.e4 d6 5.f3 O-O 6.Be3 Nc6 7.Qd2 a6 8.Nge2 Rb8 9.h4
b5 10.Bh6 e5 11.Bxg7 Kxg7 12.cxb5 axb5 13.d5 Na5 14.Ng3 b4 15.Nb5 Ba6 16.Na7
Bxf1 17.Kxf1 c5 18.Qg5 Ng8 19.Qg4 Nh6 20.Qg5 Qxg5 21.hxg5 Ng8 22.Ke2 Ne7
23.Rhd1 Rfd8 24.b3 Rb7 25.Nc6 Naxc6 26.dxc6 Nxc6 27.Nf1 Nd4+ 28.Kf2 Ra7 29.Ne3
Rda8 30.Nc4 {#R} 0-1

[Event "Ch Mallorca"]
[Site "masterchessopen.com – Mallorca (Spain)"]
[Round "4"]
[White "Cisneros Javier (ESP)"]
[Black "Martinez Alexandro (ARG)"]
[Result "0-1"]
[WhiteElo "2145"]
[BlackElo "2220"]

1.d4 Nf6 2.c4 g6 3.Nc3 Bg7 4.e4 d6 5.f3 O-O 6.Be3 Nc6 7.Nge2 a6 8.Qd2 Rb8
9.Rb1 Re8 10.b4 b5 11.cxb5 axb5 12.Ng3 e5 13.dxe5 Nxe5 14.Bxb5 Rxb5 15.Nxb5
Ba6 16.a4 Nc4 17.Qc1 Nxe3 18.Qxe3 Nd5 19.Qd2 Bxb5 20.Qxd5 Bc3+ 21.Kd1 Bxa4+
22.Ke2 Re5 23.Qb7 c6 24.Rhd1 Re7 25.Rxd6 Qxd6 26.Qa8+ Kg7 27.Qxa4 Qd2+ {#R}
0-1